<?xml version="1.0" encoding="UTF-8"?>
<record
    xmlns:xsi="http://www.w3.org/2001/XMLSchema-instance"
    xsi:schemaLocation="http://www.loc.gov/MARC21/slim http://www.loc.gov/standards/marcxml/schema/MARC21slim.xsd"
    xmlns="http://www.loc.gov/MARC21/slim">

  <leader>00351nam a2200121Ia 4500</leader>
  <controlfield tag="008">230907s9999||||xx |||||||||||||| ||und||</controlfield>
  <datafield tag="082" ind1=" " ind2=" ">
    <subfield code="a">658.26</subfield>
    <subfield code="b">SHE-E</subfield>
  </datafield>
  <datafield tag="100" ind1=" " ind2=" ">
    <subfield code="a">Al-Shemmeri, Tarik.</subfield>
    <subfield code="9">114730</subfield>
  </datafield>
  <datafield tag="245" ind1=" " ind2="0">
    <subfield code="a">Energy audits :</subfield>
  </datafield>
  <datafield tag="260" ind1=" " ind2=" ">
    <subfield code="a">Wiley-Blackwell,</subfield>
    <subfield code="b">Chichester, West Sussex, UK ; | Ames, Iowa :</subfield>
    <subfield code="c">2011</subfield>
  </datafield>
  <datafield tag="300" ind1=" " ind2=" ">
    <subfield code="a">xxvi, 292 p. :</subfield>
  </datafield>
  <datafield tag="942" ind1=" " ind2=" ">
    <subfield code="c">BK</subfield>
  </datafield>
  <datafield tag="999" ind1=" " ind2=" ">
    <subfield code="c">597540</subfield>
    <subfield code="d">597540</subfield>
  </datafield>
  <datafield tag="952" ind1=" " ind2=" ">
    <subfield code="0">0</subfield>
    <subfield code="1">0</subfield>
    <subfield code="4">0</subfield>
    <subfield code="7">0</subfield>
    <subfield code="a">CAS-E</subfield>
    <subfield code="b">CL</subfield>
    <subfield code="d">2018-07-13</subfield>
    <subfield code="l">1</subfield>
    <subfield code="o">658.26 SHE-E</subfield>
    <subfield code="p">CAS-E0001639</subfield>
    <subfield code="r">2024-04-30</subfield>
    <subfield code="s">2023-10-05</subfield>
    <subfield code="w">2023-09-12</subfield>
    <subfield code="y">BK</subfield>
  </datafield>
</record>
